Marvel Characters by Picture - Statistics

General Stats
  • This quiz has been taken 392 times
  • The average score is 17 of 18
Answer Stats
Picture Answer % Correct
Spider-Man
100%
Hulk
99%
Spider-Man
99%
Thor
99%
Deadpool
98%
Iron Man
98%
Venom
98%
Groot
97%
Loki
97%
Wolverine
97%
Thanos
96%
Daredevil
95%
Vision
92%
Green Goblin
91%
Ultron
91%
War Machine
88%
Magneto
85%
Iron Fist
73%
No matching quizzes found
Score Distribution
Percent of People with Each Score
Percentile by Number Answered
Your Score History
You have not taken this quiz